Pastoral Leadership For The Evangelical Baptist Convention In Manipur, India | (Record no. 8090)

MARC details
000 -LEADER
fixed length control field 00540nam a22001577a 4500
003 - CONTROL NUMBER IDENTIFIER
control field GBCCL
005 - DATE AND TIME OF LATEST TRANSACTION
control field 20241126110643.0
008 - FIXED-LENGTH DATA ELEMENTS--GENERAL INFORMATION
fixed length control field 190218b ||||| |||| 00| 0 eng d
040 ## - CATALOGING SOURCE
Transcribing agency GBC
082 ## - DEWEY DECIMAL CLASSIFICATION NUMBER
Classification number ARC LIA
Item number 2002
100 ## - MAIN ENTRY--PERSONAL NAME
Personal name Lian, Pau Khan
9 (RLIN) 14102
245 ## - TITLE STATEMENT
Title Pastoral Leadership For The Evangelical Baptist Convention In Manipur, India |
Statement of responsibility, etc. Pau Khan Lian
300 ## - PHYSICAL DESCRIPTION
Extent 171 p.;
Dimensions 21 cm. x 29 cm.
650 ## - SUBJECT ADDED ENTRY--TOPICAL TERM
Topical term or geographic name entry element Leadership
Form subdivision Pastoral Leadership
-- Biblical Leadership
General subdivision Evangelical Baptist Convention
Geographic subdivision Lamka
-- Manipur
9 (RLIN) 14103
942 ## - ADDED ENTRY ELEMENTS (KOHA)
Source of classification or shelving scheme Dewey Decimal Classification
Koha item type Thesis
Holdings
Withdrawn status Lost status Source of classification or shelving scheme Damaged status Not for loan Home library Current Library Shelving location Date acquired Total checkouts Full call number Barcode Date last seen Copy number Price effective from Koha item type
    Dewey Decimal Classification     GRACE BIBLE COLLEGE GRACE BIBLE COLLEGE Archives 2019-02-18   ARC LIA 2002 025152 2025-05-01 c.1 2019-02-18 Thesis
© Grace Bible College Library 2025